000 nam a22 7a 4500
999 _c18039
_d18039
008 161202b xxu||||| |||| 00| 0 eng d
020 _a9780130460325
050 _aGF 41 .K56 2003
100 _aKnox, Paul L.
_d2003
245 _aPlaces and regions in global context:
_bHuman Geography/
_cPaul L. Knox; Sallie A. Marston
250 _a2nd ed
260 _aNew Jersey:
_bPrentice Hall,
_c2003.
300 _avi,144p.:
_bill.;
_c29cm.
521 _aIncludes index.
700 _aMarston, Sallie A.
942 _2lcc
_cBOOKS
_hGF 41 .K56 2003